| 000 | 00804nam a2200229Ii 4500 | ||
|---|---|---|---|
| 003 | JO-AjNU | ||
| 008 | 230605s9999||||xx |||||||||||||| ||und|| | ||
| 017 | _a2005/3/498 | ||
| 020 | _a9957-16-074-5 | ||
| 040 |
_aJO-AjNU _bara _erda _cJO-AjNU |
||
| 041 | _aara | ||
| 050 | 1 | 4 | _aK564.C6.U2258.2005 |
| 100 | 3 |
_a عبيدات، لورنس محمد, _eauthor _912376 |
|
| 245 | 0 | 0 | _aإثبات المحرر الإلكتروني |
| 250 | _aط1 | ||
| 264 | 3 | 1 | _aعمان : دار الثقافة ، 2005 |
| 300 | _a270ص | ||
| 336 |
_atext _btxt _2rdacontent |
||
| 337 |
_aunmediated _bn _2rdamedia |
||
| 338 |
_avolume _bnc _2rdacarrier |
||
| 650 | 4 |
_aالتجارة الإلكترونية -- الحواسيب -- الإنترنت -- القانون التجاري -- الاعمال التجارية _912377 |
|
| 999 |
_aA2805 _c6373 _d6373 |
||